000 00207nam a2200097Ia 4500
008 240331s9999 xx 000 0 und d
082 _bVAA
100 _aVaanamamalei,N
245 0 _aMaxzia alagiyel
942 _cL
999 _c4598
_d4598